000 00549nam a2200193Ia 4500
008 151119s9999||||xx |||||||||||||| ||und||
082 _a181.4
082 _bGKKV13501
100 _aदेशमुख श्री द
245 _aअद्वैत मकरंद
260 _a--
260 _b--
260 _c1996
600 _aदेशमुख श्री द
630 _aअद्वैत मकरंद
700 _aदेशमुख श्री द
730 _aअद्वैत मकरंद
942 _cBOOK
999 _c1067151
_d1067148